Top 10 - Buteurs en Ligue 1 saison 21/22 - Statistiques

Statistiques générales
  • Ce quiz a été pris 60 fois
  • Le résultat moyen est 7 sur 10
Statistiques - réponses
Club Buts Joueur % Correct
Paris Saint-Germain 28 Kylian Mbappé
100%
Paris Saint-Germain 13 Neymar
87%
AS Monaco 25 Wissam Ben Yedder
85%
Lille OSC 15 Jonathan David
76%
Stade Rennais FC 15 Gaetan Laborde
58%
Olympique Lyonnais 21 Moussa Dembélé
56%
Olympique de Marseille 12 Dimitri Payet
55%
Stade Rennais FC 21 Martin Terrier
53%
OGC Nice 18 Andy Delort
47%
Clermont Foot 63 14 Mohamed Bayo
42%
Aucun quiz correspondant
Distribution des résultats
% des personnes avec chaque résultat
Percentile par nombre de réponses
Votre historique - résultats
Vous n’avez pas pris ce quiz